BHAVAPRAKASA OF BHAVAMISHRA (Record no. 8619)

MARC details
000 -LEADER
fixed length control field 00291nam a22001337a 4500
003 - CONTROL NUMBER IDENTIFIER
control field SGT
082 ## - DEWEY DECIMAL CLASSIFICATION NUMBER
Classification number 615.538
Item number B15S
100 ## - MAIN ENTRY--PERSONAL NAME
Personal name SITARAM, BULUSU
245 ## - TITLE STATEMENT
Title BHAVAPRAKASA OF BHAVAMISHRA
260 ## - PUBLICATION, DISTRIBUTION, ETC. (IMPRINT)
Place of publication, distribution, etc VARANASI
Name of publisher, distributor, etc CHAUKHAMBHA
Year of Publication 2015
300 ## - PAGE DESCRIPTION
No. of Pages 742
650 ## - SUBJECT ADDED ENTRY--TOPICAL TERM
Topical term or geographic name as entry element AYURVEDA
942 ## - ADDED ENTRY ELEMENTS (KOHA)
Source of classification or shelving scheme Dewey Decimal Classification
Koha item type Books
942 ## - ADDED ENTRY ELEMENTS (KOHA)
-- 3
Holdings
Withdrawn status Lost status Source of classification or shelving scheme Damaged status Not for loan Collection code Home library Current library Shelving location Date acquired Vendor Name Cost, normal purchase price Volume Information (Serial or Books or Non-Book Material) SGTU Bill Number Total Checkouts Full call number Accession No. (Barcode) Date last seen Date last borrowed Bill Date Koha item type Use restrictions
    Dewey Decimal Classification     AYURVEDA SGT FA-FP Library SGT FA-FP Library Text Book 26/03/2016 CHAUKHAMBHA 800.00 1 SGTU CP/B/776 11 615.538 B15S FA4540 25/11/2025 25/11/2025 05/01/2016 Books  
    Dewey Decimal Classification     AYURVEDA SGT FA-FP Library SGT FA-FP Library Text Book 26/03/2016 CHAUKHAMBHA 800.00 1 SGTU CP/B/776   615.538 B15S FA4541 26/03/2016   05/01/2016 Books  
    Dewey Decimal Classification     AYURVEDA SGT FA-FP Library SGT FA-FP Library Reference Book 26/03/2016 CHAUKHAMBHA 800.00 1 SGTU CP/B/776 2 615.538 B15S FA4542 10/02/2021 13/01/2021 05/01/2016 Books Restricted Access